System aids in constructing consultation programs /

Bibliographic Details
Main Author: Van Melle, William J. (William James)
Format: Book
Language:English
Published: Ann Arbor, MI : UMI Research Press, [1981]
Series:Computer science. Artificial intelligence ; no. 11.
Subjects:

MARC

Tag First Indicator Second Indicator Subfields
LEADER 00000pam a2200000 a 4500
001 in00000083937
005 20151008054343.0
008 810806s1981 miua b 00110 eng
010 |a  81013132  
020 |a 083571232X 
035 |a (OCoLC)07740748 
035 |9 AAJ0405AM 
039 0 |a 2  |b 3  |c 3  |d 3  |e 3 
040 |a DLC  |c DLC  |d TXA  |d UtOrBLW 
049 |a TXAM  |c [1561015] 
050 0 0 |a QA76.9.E96  |b V36 1981 
082 0 |a 001.64/25  |2 19 
100 1 |a Van Melle, William J.  |q (William James) 
245 1 0 |a System aids in constructing consultation programs /  |c by William J. van Melle. 
264 1 |a Ann Arbor, MI :  |b UMI Research Press,  |c [1981] 
264 4 |c ©1981 
300 |a x, 173 pages :  |b illustrations ;  |c 24 cm. 
336 |a text  |b txt  |2 rdacontent 
337 |a unmediated  |b n  |2 rdamedia 
338 |a volume  |b nc  |2 rdacarrier 
490 1 |a Computer science. Artificial intelligence ;  |v no. 11 
500 |a Includes index. 
504 |a Bibliography: pages [165]-169. 
650 0 |a Expert systems (Computer science) 
830 0 |a Computer science.  |p Artificial intelligence ;  |v no. 11. 
999 |a MARS 
999 f f |s 0a00ce06-79d2-3afe-9a64-6739bba80d7d  |i b3578975-3f5a-323b-b98f-c01f11fca0af  |t 0 
952 f f |p ric  |a Texas A&M University  |b Rellis Campus  |c Joint Library Facility  |d Remote Storage  |t 0  |e QA76.9.E96 V36 1981  |h Library of Congress classification  |i unmediated -- volume  |m A14806202940 
998 f f |a QA76.9.E96 V36 1981  |t 0  |l Remote Storage